Jaki teleturniej prowadzili? - Statystyki

Ogólne statystyki
  • Ten quiz został rozwiązany 29 razy
  • Średni wynik to 4 z 47
Statystyki odpowiedzi
Prowadzący Teleturniej % Poprawnych
Karol Strasburger Familiada
100%
Tadeusz Sznuk Jeden z dziesięciu
96%
Robert Janowski Jaka to melodia?
58%
Kazimierz Kaczor Va Banque
35%
Kazimiera Szczuka Najsłabsze ogniwo
23%
Łukasz Nowicki Postaw na milion
19%
Kacper Kuszewski Tak to leciało
19%
Stanisława Ryster Wielka Gra
19%
Maciej Miecznikowski Tak to leciało
15%
Przemysław Babiarz Va Banque
15%
Mikołaj Roznerski The Floor
12%
Robert Gonera Fort Boyard
8%
Piotr Bałtroczyk Kochamy polskie komedie
4%
Jacek Chmielnik Kochamy polskie seriale
4%
Ewa Wachowicz 100% na stu
0%
Krzysztof Ibisz Awantura o kasę, Życiowa Szansa, Milionerzy (pilot), Czar Par, Gdzie jest Kłamczuch?, Rosyjska Ruletka
0%
Robert Korólczyk Czy jesteś mądrzejszy od 5-klasisty
0%
Paweł Orleański Daje Słowo, Lingo, Przetrwanie, The Wall. Wygraj marzenia
0%
Piotr Gąsowki Dubidu
0%
Martyna Wojciechowska Dzieciaki z klasą
0%
Agata Młynarska Eureko, ja to wiem, Krzyżówka Szczęścia
0%
Bayer Full Gospodarz
0%
Piotr Pręgowski Gotowi na ślub
0%
Wojciech Asiński, Andrzej Krucz Hugo
0%
Piotr Galus Hugo
0%
Zygmunt Chajzer Idź na całość, Grasz czy nie grasz, Chwila Prawdy, Moment prawdy
0%
Rafał Brzozowski Jaka to melodia, Koło Fortuny
0%
Norbi Jaka to melodia, Koło Fortuny
0%
Barbara Kurdej-Szatan Kocham Cię Polsko, Cudowne lata
0%
Maciej Kurzajewski Kocham Cię Polsko, The Wall. Wygraj marzenia, Czar Par, Moja klasa - Back to School, Giganci historii
0%
Marzena Rogalska Kocham Cię Polsko, To był rok, Dzieciaki górą, Czy jesteś mądrzejszy od 5-klasisty, Gotowi do gotowania. Start!
0%
Wojciech Pijanowski Koło Fortuny, 6 z 49, Magia Liter, Szczęśliwy Rzut, Ryzyko
0%
Krzysztof Tyniec Koło Fortuny, Idź na całość
0%
Andrzej Nejman Krzyżówka 13-latków, czyli Światowid
0%
Katarzyna Dowbor Krzyżówka 13-latków, Oto jest pytanie
0%
Tomasz Stockinger Krzyżówka Szczęścia
0%
Janusz Weiss Miliard w rozumie, Fort Boyard
0%
Hubert Urbański Milionerzy, Piramida
0%
Olaf Lubaszenko Najlepszy z najlepszych
0%
Tomasz Kammel Randka w Ciemno, Tylko Ty, Dzieciaki górą, To był rok
0%
Rudi Schubert Rekiny Kart, Śpiewające fortepiany
0%
Henryk Talar Rosyjska ruletka
0%
Olga Bończyk SmaczneGO!
0%
Cezary Pazura Strzał w 10
0%
Roman Czejarek Telemillenium
0%
Radosław Kotarski Tylko Ty, Va Banque
0%
Piotr Szwedes We dwoje, Ciao Darwin, Koło Fortuny (miał prowadzić)
0%
Nie znaleziono quizów pasujących do podanych kryteriów
Rozkład punktacji
Procent ludzi z każdym wynikiem
Percentyl według liczby udzielonych odpowiedzi
Twoja historia wyników
Nie rozwiązałeś tego quizu